Surnames by Celebrity Quiz Stats

 Plays Quiz Updated Dec 17, 2018

Support Sporcle.
Go Orange.
Score 0/25 Timer 06:00
0 Plays Today
% Correct
Will Smith
98.8%
Robin Williams
94.6%
Owen Wilson
86.5%
Janet Jackson
85.5%
Pamela Anderson
85.1%
Steve Martin
82.8%
Bruce Lee
81.9%
Tommy Lee Jones
79.1%
Demi Moore
78%
James Brown
76.1%
Magic Johnson
74.7%
Neil Patrick Harris
73.8%
Mario Lopez
61.5%
% Correct
Liz Taylor
57.2%
Dick Clark
52.6%
Bette Davis
43.9%
Vanna White
42.6%
Emma Thompson
42.6%
Jerry Garcia
42.3%
Pedro Martinez
34.9%
Keith Hernandez
27%
Wentworth Miller
23.8%
Adrian Gonzalez
23.7%
Danny Thomas
23.6%
Paul Rodriguez
22.9%

You're not logged in!

Compare scores with friends on all Sporcle quizzes.
OR
Log In
Forgot?

From the Vault

All the College Champions

by Hejman

Sports 10m
College sports - making university presidents wealthy since the 1860s.
Remove Ads.
Support Sporcle.
Get the best of Sporcle when you Go Orange. This ad-free experience offers more features, more stats, and more fun while also helping to support Sporcle. Thank you for becoming a member.

Show Comments

Extras

Top Quizzes Today


Score Distribution

Your Account Isn't Verified!

In order to create a playlist on Sporcle, you need to verify the email address you used during registration. Go to your Sporcle Settings to finish the process.

Report this User

Report this user for behavior that violates our Community Guidelines.

Details: